000 00876nam a2200265 i 4500
003 DO-SdBNP
005 20250611151430.0
007 ta
008 250611b1994 dr ||||| |||| 00| 0 spa d
040 _aDO-SdBNP
_bspa
_cBNPHU
_erda
041 _aspa
082 4 _axxx
_bxxx
_222
245 0 0 _aMujer y economía en República Dominicana /
_cAmparo Arango, Consuelo Cruz; coordinadora y edicción, Sagrada Bujosa Mieses
264 1 _aSanto Domingo :
_bCIPAF,
_c1994.
300 _a12 páginas ;
_c23 cm.
336 _atexto
_btxt
_2rdacontent
337 _asin mediación
_bn
_2rdamedia
338 _avolumen
_bnc
_2rdacarrier
490 _aMujer y desrrollo
_v016
590 _aInventariado, 2025/BT
700 1 _aCruz, Consuelo,
_eautor
_4aut.
_988071
700 1 _4coord. y ed.
_aBujosa Mieses, Sagrada,
_ecoordinador y editor
_931107
910 _aBtavárez
942 _2ddc
_cLF2
999 _c59240
_d59240